Inzertná časť Vestníka verejnej správy vnútornej

Uvádzala súbehy, súťaže, dražby, prenájmy

Bibliographic Details
Corporate Author: Únia, spoločnosť s r. o. (Bratislava) (tlač.)
Format: Journal
Language:Slovak
PhysicalDescription:1 roč. 28 x 21 cm
Published: Bratislava Ministerstvo vnútra 1940
Subjects:

MARC

LEADER 00000nas a22000001a 4500
001 vtls010300137
003 SK-MaSNL
005 20260228162544.0
008 110810d19401940xo jr p r 0 b0slo
015 |a SNBDS17XX9999 
015 |a 0181  |2 Fedor 1939-44 
038 |a SNKBUDS 
040 |a SNK  |b slo  |c SNK  |e AACR2 
041 0 |a slo 
044 |a xo  |c SK 
245 0 0 |a Inzertná časť Vestníka verejnej správy vnútornej 
260 |a Bratislava  |b Ministerstvo vnútra  |c 1940 
300 |a 1 roč.  |c 28 x 21 cm 
310 |a 3x mesačne 
362 0 |a Roč. I, č. 1 (1940)-č. 38 (1940) 
500 |a Vych. v Bratislave 1., 10. a 20. každého mesiaca 
500 |a Vyd. Ministerstvo vnútra 
500 |a Tlač. Unia 
500 |a Inzertná príloha k časopisu Vestník verejnej správy vnútornej 
505 8 0 |g Roč. I. 1940 38 čís. priem. po 8 s. 
520 |a Uvádzala súbehy, súťaže, dražby, prenájmy 
650 0 7 |a verejná správa  |2 SNKPH  |9 1538 
650 0 7 |a administratíva  |2 SNKPH  |9 642 
655 7 |a administratívne časopisy  |2 SNKBUDS  |9 268980 
710 2 |a Únia, spoločnosť s r. o. (Bratislava)  |e tlač.  |9 269284 
772 0 |t Vestník verejnej správy vnútornej 
852 |a SNK  |b 10000  |h ČSB 301 
852 |a UKB  |b 300000  |h 20 C 375 
852 |a UKB  |b 300000  |h SC 1060 
999 |c 8041  |d 9971